000 00314nam a22001337a 4500
020 _a9780135369616
040 _cNust
082 _a629.832
_bKAI
100 _aThomas Kailath
_9125959
245 _aLinear System
260 _aUSA:
_bPrentice-Hall,
_c1980.
650 _aLinear System
_9125960
942 _2ddc
_cBK
999 _c611627
_d611627